All Game Modes in PvZ - Statistics

General Stats
  • This quiz has been taken 2 times
  • The average score is 2 of 82
Answer Stats
Answer % Correct
adventure
100%
arena
50%
penny's pursuit
50%
back-up in arms
0%
battle arena
0%
battle of accuracy
0%
battle of exploding heroes
0%
battle zone
0%
boogie down brawl
0%
boss hunt
0%
boss team vanquish
0%
boss turf takeover
0%
capture the taco
0%
cats vs dinos
0%
classic gardens and graveyards
0%
classic team vanquish
0%
collision course
0%
cool explosions only
0%
dairy disaster
0%
devious cheese
0%
double trouble
0%
farewell taco
0%
flag of power
0%
flower vs. power
0%
flying explosives
0%
fuse it or lose it
0%
garden ops
0%
gardens and graveyards
0%
garden warfare
0%
get-off-my-lawn-a-thon
0%
get-off-my-lawn-a-thon part 2
0%
gnome bomb
0%
graveyard ops
0%
guerilla warfare
0%
happy new year!
0%
harm, help, hinder
0%
heavy fire
0%
herbal assault
0%
hot headed rumble
0%
I believe I can float
0%
infinity time
0%
legends of the brawl
0%
license to vanquish
0%
lunchtime at the lab
0%
mission imp-ossible
0%
mixed mode
0%
my turf, my rules
0%
new recruits
0%
no calm gnome bomb
0%
objective rush
0%
oops! too many players
0%
past intense
0%
plumbing gig
0%
power team vanquish
0%
rain of flavors
0%
rando confirmed
0%
rando ops
0%
rando's rapid revenge
0%
rando's revenge
0%
ranked battle arena
0%
serve and volley
0%
siege the day
0%
snack attack
0%
soil survivors
0%
solo ops
0%
space nuts
0%
splish splash
0%
suburbination
0%
suburbination isolation
0%
super mix mode
0%
taco bandits
0%
taco panic
0%
tactical team-up
0%
tale of the taco
0%
team vanquish
0%
the reinforcements
0%
to heal, or not to heal?
0%
too fast, too noxious
0%
triple-F frenzy
0%
up close and personal
0%
vanquish confirmed
0%
welcome mat
0%
No matching quizzes found
Score Distribution
Percent of People with Each Score
Percentile by Number Answered
Your Score History
You have not taken this quiz